How well do you know the Cupcake Diaries? - Statistics

General Stats
  • This quiz has been taken 663 times
  • The average score is 12 of 15
Answer Stats
Hint Answer % Correct
Who was Katie's best friend in the first book? Callie
99%
Which girl does Katie meet on the bus? Mia
99%
Which girl in the Cupcake Club had blonde hair and blue eyes? Emma
98%
Who was Emma's best friend? Alexis
94%
Who was the really mean girl in the Popular Girls Club? Sydney
90%
Which of Emma's brothers works in a cinema? Sam
89%
What does the PGC stand for? Popular Girls Club
84%
How many brothers did Emma have? Three
75%
What was Mia's stepbrother called? Dan
74%
Sydney, Callie and Bella were in the PGC. Who was the last person? Maggie
74%
There was a wedding in the third book. Who was Mia's mom marrying? Eddie
73%
What is the name of Katie's stepsister? Emily
70%
Mia needed braces. What else did she need? Glasses
68%
How old was Dylan at the end of the fourth book? Sixteen
62%
Who was Katie's scary maths teacher? Mrs Moore
50%
No matching quizzes found
Score Distribution
Percent of People with Each Score
Percentile by Number Answered
Your Score History
You have not taken this quiz